00334nam a22001457a 4500003000500000020001500005038001200020082001800032100002600050245002900076260003800105300002300143500001500166563000700181NUST a8176498637 akhadija a621.4021bMCQ aMcquarrie, Donald A.  aMolecular Thermodynamics aNew Delhi : bViva Books,c2004. a656 p : , b24 cm. aPaperback. aPB